<?xml version="1.0" encoding="UTF-8"?><?xml-stylesheet type="text/xsl" href="static/style.xsl"?><OAI-PMH xmlns="http://www.openarchives.org/OAI/2.0/" xmlns:xsi="http://www.w3.org/2001/XMLSchema-instance" xsi:schemaLocation="http://www.openarchives.org/OAI/2.0/ http://www.openarchives.org/OAI/2.0/OAI-PMH.xsd"><responseDate>2026-06-30T01:25:08Z</responseDate><request verb="GetRecord" identifier="oai:docta.ucm.es:20.500.14352/27524" metadataPrefix="marc">https://docta.ucm.es/rest/oai/request</request><GetRecord><record><header><identifier>oai:docta.ucm.es:20.500.14352/27524</identifier><datestamp>2023-09-11T06:35:56Z</datestamp><setSpec>com_20.500.14352_14</setSpec><setSpec>col_20.500.14352_17</setSpec></header><metadata><record xmlns="http://www.loc.gov/MARC21/slim" xmlns:dcterms="http://purl.org/dc/terms/" xmlns:xsi="http://www.w3.org/2001/XMLSchema-instance" xmlns:doc="http://www.lyncode.com/xoai" xsi:schemaLocation="http://www.loc.gov/MARC21/slim http://www.loc.gov/standards/marcxml/schema/MARC21slim.xsd">
   <leader>00925njm 22002777a 4500</leader>
   <datafield ind2=" " ind1=" " tag="042">
      <subfield code="a">dc</subfield>
   </datafield>
   <datafield ind2=" " ind1=" " tag="720">
      <subfield code="a">Recamán Graña, Eva</subfield>
      <subfield code="e">author</subfield>
   </datafield>
   <datafield ind2=" " ind1=" " tag="260">
      <subfield code="c">2015-10</subfield>
   </datafield>
   <datafield ind2=" " ind1=" " tag="520">
      <subfield code="a">Se hará una breve referencia a la capitalización de deuda como posible contenido de un acuerdo de refinanciación, a la posible responsabilidad concursal de los socios que obstaculicen la operación y su relevancia a la hora de construir el concepto de interés social en la crisis</subfield>
   </datafield>
   <datafield ind2=" " ind1=" " tag="520">
      <subfield code="a">This working paper briefly refers to the debt-equity-swap in a refinancing agreement in connection to the new liability of shareholders in Spanish Bankruptcy Law, and to its relevance in order to define the corporate interest of financially troubled companies.</subfield>
   </datafield>
   <datafield ind1="8" ind2=" " tag="024">
      <subfield code="a">https://hdl.handle.net/20.500.14352/27524</subfield>
   </datafield>
   <datafield ind1="8" ind2=" " tag="024">
      <subfield code="a">https://www.ucm.es/dep-derecho-mercantil/documentos-de-trabajo-working-papers</subfield>
   </datafield>
   <datafield ind2="0" ind1="0" tag="245">
      <subfield code="a">Conversión de deuda en capital, responsabilidad concursal e interés social en la crisis (reflexiones en torno al interés social en procesos de reestructuración)</subfield>
   </datafield>
</record></metadata></record></GetRecord></OAI-PMH>